000 00293nam a2200097Ia 4500
008 220204s9999 xx 000 0 und d
082 _aNR:338.4:657.4
_bFOR;2
245 0 _aFormulation of farm accounting : Guidelines on rubber plantation industry
260 _aCalcutta
_bICWAI
_c1999
942 _cBK
999 _c44018
_d44018